Central Library OPAC University of Rajshahi

Adhesion and adhesives, (Record no. 16738)

MARC details
000 -LEADER
fixed length control field 01048cam a22003131 4500
001 - CONTROL NUMBER
control field 16738
003 - CONTROL NUMBER IDENTIFIER
rucl marc code BD-RjUL
005 - DATE AND TIME OF LATEST TRANSACTION
control field 20211209000038.0
008 - FIXED-LENGTH DATA ELEMENTS--GENERAL INFORMATION
fixed length control field 140215s1965 ne a b 001 0 eng
035 ## - SYSTEM CONTROL NUMBER
System control number (BD-RjUL)16793
040 ## - CATALOGING SOURCE
Original cataloging agency DLC/ICU
Transcribing agency ICU
Modifying agency DLC
-- BD-RjUL
Language of cataloging eng
041 ## - LANGUAGE CODE
Language code of text/sound track or separate title eng
082 00 - DEWEY DECIMAL CLASSIFICATION NUMBER
Classification number 668.3
Author mark and year ADH
100 1# - MAIN ENTRY--PERSONAL NAME
Personal name De Bruyne, Norman A.
Fuller form of name (Norman Adrian),
Dates associated with a name 1904-
9 (RLIN) 49756
245 00 - TITLE STATEMENT
Title Adhesion and adhesives,
Statement of responsibility, etc. edited by R. Houwink and G. Salomon.
Number of part/section of a work Volume 1
250 ## - EDITION STATEMENT
Edition statement 2d completely rev. ed.
260 ## - PUBLICATION, DISTRIBUTION, ETC. (IMPRINT)
Place of publication, distribution, etc. Amsterdam ;
-- New York :
Name of publisher, distributor, etc. Elsevier Pub. Co.,
Date of publication, distribution, etc. 1965.
300 ## - PHYSICAL DESCRIPTION
Pagination 548 p. :
Illustrations illus. ;
Size 25 cm.
500 ## - GENERAL NOTE
General note First ed. published in 1951 under the editorship of N.A. De Bruyne and R. Houwink.
504 ## - BIBLIOGRAPHY, ETC. NOTE
Bibliography, etc Includes bibliographies.
505 0# - FORMATTED CONTENTS NOTE
Formatted contents note v. 1. Adhesives.--v. 2. Applications.
650 #0 - SUBJECT ADDED ENTRY--TOPICAL TERM
Topical term or geographic name as entry element Adhesives.
9 (RLIN) 51698
Topical term or geographic name as entry element Adhesion.
9 (RLIN) 51699
700 1# - ADDED ENTRY--PERSONAL NAME
Personal name Houwink, R.
Fuller form of name (Roelof),
Dates associated with a name 1897-
Relator term ed.
Personal name Salomon, G.,
Relator term ed.
942 ## - ADDED ENTRY ELEMENTS (KOHA)
Source of classification or shelving scheme Dewey Decimal Classification
Koha item type Books
Holdings
Lost status Source of classification or shelving scheme Materials specified (bound volume or other part) Damaged status Not for loan Collection code Permanent Location Current Location Shelving location Date acquired Source of acquisition Cost, normal purchase price Total Checkouts Full call number Date last seen Copy number Koha item type
  Dewey Decimal Classification V-1   Not For Loan Non-fiction Central Library, University of Rajshahi Central Library, University of Rajshahi Reading Room 16/04/1968 Swets & Zeitlinger. 320.00   668.3 ADH 1965 15/02/2014 C-1 Books
  Dewey Decimal Classification       Non-fiction Central Library, University of Rajshahi Central Library, University of Rajshahi   11/04/1968 Swets & Zeitlinger. 320.00   668.3 ADH 1965 15/02/2014 C-2 Books